تفعيل دور إدارة المخاطر والأزمات في تحقيق أستدامة التنمية في القطاع المصرفي بالسعودية : (رقم التسجيلة. 179077)
[ عرض عادي ]
| 000 -LEADER | |
|---|---|
| fixed length control field | 04126namaa22004211i 4500 |
| 003 - CONTROL NUMBER IDENTIFIER | |
| control field | OSt |
| 005 - أخر تعامل مع التسجيلة | |
| control field | 20260427105737.0 |
| 008 - FIXED-LENGTH DATA ELEMENTS--GENERAL INFORMATION | |
| fixed length control field | 250827s2025 ua a|||frm||| 000 0 eng d |
| 040 ## - CATALOGING SOURCE | |
| Original cataloguing agency | EG-GICUC |
| Language of cataloging | ara |
| Transcribing agency | EG-GICUC |
| Modifying agency | EG-GICUC |
| Description conventions | rda |
| 041 0# - LANGUAGE CODE | |
| Language code of text/sound track or separate title | ara |
| Language code of summary or abstract | ara |
| -- | eng |
| 049 ## - Acquisition Source | |
| Acquisition Source | إيداع |
| 082 04 - DEWEY DECIMAL CLASSIFICATION NUMBER | |
| Classification number | 658.4056 |
| 092 ## - LOCALLY ASSIGNED DEWEY CALL NUMBER (OCLC) | |
| Classification number | 658.4056 |
| Edition number | 21 |
| 097 ## - Degree | |
| Degree | دكتـــــوراه |
| 099 ## - LOCAL FREE-TEXT CALL NUMBER (OCLC) | |
| Local Call Number | Cai01.18.06.Ph.D.2025.عب.ت |
| 100 0# - MAIN ENTRY--PERSONAL NAME | |
| Authority record control number or standard number | ،عبد العزيز بن سعود بن عبد الله الباني |
| Preparation | إعداد. |
| 245 10 - TITLE STATEMENT | |
| Title | تفعيل دور إدارة المخاطر والأزمات في تحقيق أستدامة التنمية في القطاع المصرفي بالسعودية : |
| Remainder of title | دراسة حالة / |
| Statement of responsibility, etc. | إعداد عبد العزيز بن سعود بن عبد الله الباني؛ إشراف أ.د علي وجدى محمد، د. إيمان مصطفى مسلم. |
| 246 15 - VARYING FORM OF TITLE | |
| Title proper/short title | Activating the role of risk and crisis management in achieving sustainable development in the saudi banking : |
| Remainder of title | Case study / |
| 264 #0 - PRODUCTION, PUBLICATION, DISTRIBUTION, MANUFACTURE, AND COPYRIGHT NOTICE | |
| Date of production, publication, distribution, manufacture, or copyright notice | 2025. |
| 300 ## - PHYSICAL DESCRIPTION | |
| Extent | 211 ورقة : |
| Other physical details | إيضاحيات ؛ |
| Dimensions | 30 سم. + |
| Accompanying material | CD. |
| 336 ## - CONTENT TYPE | |
| Content type term | text |
| Source | rda content |
| 337 ## - MEDIA TYPE | |
| Media type term | Unmediated |
| Source | rdamedia |
| 338 ## - CARRIER TYPE | |
| Carrier type term | volume |
| Source | rdacarrier |
| 502 ## - DISSERTATION NOTE | |
| Dissertation note | أطروحة (دكتوراه)-جامعة القاهرة، 2025. |
| 504 ## - BIBLIOGRAPHY, ETC. NOTE | |
| Bibliography, etc. note | ببليوجرافيا: صفحات 196-203. |
| 520 ## - SUMMARY, ETC. | |
| Summary, etc. | إدارة المخاطر وتقيق الإستدامة ركيزة أساسية لاستقرار المؤسسات المالية وحماية مصالح كل المعنيين. فمن خلال تحديد وتقييم المخاطر المحتملة، واتخاذ الإجراءات اللازمة للحد منها، يمكن للمؤسسات المالية أن تبني دفاعات قوية ضد الصدمات الاقتصادية والتقلبات السوقية ، وتشمل ممارسات إدارة المخاطر مجموعة واسعة من الأدوات والاستراتيجيات، والتي تهدف جميعها إلى تحقيق التوازن بين تحقيق الربح والحد من الخسائر بتحقيث الإستدامة فالقطاعات المصرفية ، وغني عن القول إن المؤسسات المالية التي تعطي الأولوية لإدارة المخاطر تكون أكثر قدرة على التكيف مع التغيرات المستمرة في البيئة المالية، وبالتالي تحقق أداءً أفضل على المدى الطويل |
| 520 ## - SUMMARY, ETC. | |
| Summary, etc. | Risk management and sustainability are fundamental pillars for the stability of financial institutions and the protection of the interests of all stakeholders. By identifying and assessing potential risks and taking the necessary measures to mitigate them, financial institutions can build strong defenses against economic shocks and market fluctuations. Risk management practices encompass a wide range of tools and strategies, all of which aim to achieve a balance between achieving profit and limiting losses while achieving sustainability in the banking sector. It goes without saying that financial institutions that prioritize risk management are better able to adapt to the ongoing changes in the financial environment, thus achieving better long-term performance. |
| 530 ## - ADDITIONAL PHYSICAL FORM AVAILABLE NOTE | |
| Issues CD | صدر أيضًا كقرص مدمج. |
| 546 ## - LANGUAGE NOTE | |
| Text Language | النص بالعربية والملخص باللغة الإنجليزية والعربية. |
| 650 #7 - SUBJECT ADDED ENTRY--TOPICAL TERM | |
| Topical term or geographic name entry element | إدارة الازمات |
| Source of heading or term | qrmak |
| 653 #0 - INDEX TERM--UNCONTROLLED | |
| Uncontrolled term | التنمية المستدامة |
| -- | المخاطر والأزمات |
| -- | الحوكمة والتخطيط |
| 700 0# - ADDED ENTRY--PERSONAL NAME | |
| Personal name | علي وجدى محمد |
| Relator term | مشرف أطروحة. |
| 700 0# - ADDED ENTRY--PERSONAL NAME | |
| Personal name | إيمان مصطفى مسلم |
| Relator term | مشرف أطروحة. |
| 900 ## - Thesis Information | |
| Grant date | 12-04-2025 |
| Supervisory body | علي وجدى محمد |
| -- | إيمان مصطفى مسلم |
| Discussion body | السيد خاطر |
| -- | السيد الشربينى |
| Universities | جامعة القاهرة |
| Faculties | كلية الدراسات العليا للبحوث الاحصائية |
| Department | قسم إدارة المخاطر والازمات |
| 905 ## - Cataloger and Reviser Names | |
| Cataloger Name | Sara Salah |
| Reviser Names | Afaf |
| 942 ## - ADDED ENTRY ELEMENTS (KOHA) | |
| Source of classification or shelving scheme | Dewey Decimal Classification |
| Koha item type | Thesis |
| Edition | 21 |
| Suppress in OPAC | No |
| Source of classification or shelving scheme | Home library | Current library | Date acquired | Inventory number | Full call number | Barcode | Date last seen | Effective from | Koha item type |
|---|---|---|---|---|---|---|---|---|---|
| Dewey Decimal Classification | المكتبة المركزبة الجديدة - جامعة القاهرة | قاعة الرسائل الجامعية - الدور الاول | 29.03.2026 | 33058 | Cai01.18.06.Ph.D.2025.عب.ت | 01010100033058000 | 29.03.2026 | 29.03.2026 | Thesis |